| 000 | 05553nam a2200709 i 4500 | ||
|---|---|---|---|
| 001 | BDZ0054463995 | ||
| 003 | StDuBDS | ||
| 005 | 20250318131236.0 | ||
| 006 | m|||||o||d|||||||| | ||
| 007 | cr ||||||||||| | ||
| 008 | 240517s2025 enkab fob 001|0 eng|d | ||
| 020 |
_a9781040028971 (ePub ebook) : _cNo price |
||
| 020 |
_a9781040028940 (PDF ebook) : _cNo price |
||
| 020 |
_a9781003262725 (ebook) : _cNo price |
||
| 020 |
_z9781032188577 (hbk.) : _c140.00 |
||
| 020 |
_z9781032187136 (pbk.) : _cNo price |
||
| 040 |
_aStDuBDS _beng _erda _epn _cStDuBDS _dStDuBDSZ |
||
| 050 | 0 |
_aHD1375 _b.O43 2025 |
|
| 072 | 7 |
_aECO _2ukslc |
|
| 072 | 7 |
_aKC _2bicssc |
|
| 072 | 7 |
_aKFFR _2bicssc |
|
| 072 | 7 |
_aKJE _2bicssc |
|
| 072 | 7 |
_aKJMV4 _2bicssc |
|
| 072 | 7 |
_aKJMV5 _2bicssc |
|
| 072 | 7 |
_aTJFM _2bicssc |
|
| 072 | 7 |
_aTNCB _2bicssc |
|
| 072 | 7 |
_aKC _2thema |
|
| 072 | 7 |
_aKFFR _2thema |
|
| 072 | 7 |
_aKJE _2thema |
|
| 072 | 7 |
_aKJMV4 _2thema |
|
| 072 | 7 |
_aKJMV5 _2thema |
|
| 072 | 7 |
_aTJFM _2thema |
|
| 072 | 7 |
_aTNCB _2thema |
|
| 072 | 7 |
_aKFFM _2thema |
|
| 072 | 7 |
_aKJM _2thema |
|
| 072 | 7 |
_aTNK _2thema |
|
| 072 | 7 |
_aKNJ _2thema |
|
| 072 | 7 |
_aVSH _2thema |
|
| 082 | 0 | 4 |
_a333.33 _223 |
| 100 | 1 |
_aOladiran, Olayiwola, _eauthor. |
|
| 245 | 1 | 0 |
_aPropTech and real estate innovations _ba guide to digital technologies and solutions in the built environment / _cOlayiwola Oladiran and Louisa Dickins. _h[electronic resource] : |
| 264 | 1 |
_aLondon : _bRoutledge, _c2025. |
|
| 300 |
_a1 online resource (xxx, 330 pages) : _billustrations (black and white, and colour), maps (colour) |
||
| 336 |
_atext _2rdacontent |
||
| 336 |
_astill image _2rdacontent |
||
| 336 |
_acartographic image _2rdacontent |
||
| 337 |
_acomputer _2rdamedia |
||
| 338 |
_aonline resource _2rdacarrier |
||
| 366 |
_b20240822 _cIn stock |
||
| 504 | _aIncludes bibliographical references and index. | ||
| 505 | 0 | _aSection One: Introduction1.Background and Introduction to PropTech and Innovation in Real Estate2. Digital Technological Tools and Real Estate Applications3. Real Estate Digital Transformation and PropTech Investment and FinanceSection Two: PropTech and Property Innovations across the Real Estate Value Chain4. Digital Technology and Innovation in Planning, Land Management, and Urban Management5. Digital Technology and Innovation in Real Estate Development, Construction, Management, and Maintenance6. Digital Technology and Innovation in Real Estate Funding, Finance, and Investment7. Digital Technology and Innovation in Real Estate Valuation and Appraisal8. Digital Technology and Innovation in Real Estate Brokerage, Agency, Marketing, and Other Allied ServicesSection Three: Prospects and the Future9. Core Stakeholders, Enablers, and Systems of Growth and Development in Real Estate Digital Technology and Innovation10. Summary and Conclusion: The Future Real Estate Digital Technology and Innovation | |
| 520 | 8 | _aThis textbook serves as a guide to real estate students and educators on the various property innovations and digital technologies that continue to shape the property industry. The advancement of PropTech in the last few decades has led to significant changes in real estate systems, operations, and practice, and this new textbook provides insight on the past, present, and future of PropTech innovations that have spread across the value chain of real estate through planning, development, management, finance, investment, operations, and transactions. The textbook approaches this subject from the real estate components, asset classes, and submarkets and links them to the associated innovations and digital technologies. It concludes by reviewing the role of education, innovation, skill development, and professionalism as major elements of the future of real estate operations and practice.This book's unique contributions are in putting the "property" element at the forefront and then illustrating how technology can enhance the various areas of real estate; the focus on how the different innovations and technologies can enhance the economic, environmental, social, and physical efficiency of real estate; and its coverage of some non-technological innovations like flexible working and more practical areas of real estate innovation such as skills, employability, creativity, and education.It contains 21 case studies and 29 case summaries, which can serve as practice exercises for students. This book will be useful to students in helping them build a knowledge base and understanding of innovation and digital technologies in the industry. Real estate educators can use the textbook as a guide to incorporate real estate innovation and digital technologies into their current teaching and also to develop their real estate curricula through PropTech-related modules and courses where necessary. It will also be valuable to real estate researchers in search of the theoretical and conceptual linkages, as well as industry practitioners who seek insight into the current and future potential of digital technologies and their applications to real estate operations and practice. | |
| 588 | _aDescription based on print version record. | ||
| 650 | 0 | _aEBOOK | |
| 650 | 0 | _aREAL ESTATE | |
| 650 | 7 | _aPROPTECH | |
| 650 | 7 | _aTECHNOLOGY | |
| 700 | 1 |
_aDickins, Louisa, _eauthor. |
|
| 776 | 0 | 8 |
_iPrint version : _z9781032188577 |
| 856 | 4 | 0 |
_uhttps://www.vlebooks.com/product/openreader?id=RICS&accId=9491556&isbn=9781040028971 _zAvailable on VLeBooks (email [email protected] if you do not have a login) |
| 942 | _2ddc | ||
| 999 |
_c122124 _d122124 |
||